000 00573nam a2200241 a 4500
001 0001-1253
003 ELIB.Books
008 150611 2010 eng
020 _aKBTS
035 _a(ELIB.Books)0001-1408
092 _a155.2
_bAll
100 _aAllen, James.
245 _aAs I Think
260 _aHong Kong
_bDevorss Publication
_c1991
300 _a51
_c19
500 _aC/o Moe Lwei
650 _aPsychology
856 _nKBTS: Library
_uKBTS: Elib
942 _2ddc
_cBK
990 _a1
998 _cbat
_e2015-06-11
999 _c11253
_d11253